Актуальные проблемы личностно-профессионального становления педагога: вызовы, тенденции и перспективы (Запись № 13647277)
[ простой вид ]
| 000 -МАРКЕР | |
|---|---|
| контрольное поле | 02951nam1a2200397 4500 |
| 001 - ИДЕНТИФИКАТОР ЗАПИСИ | |
| контрольное поле | RU\NLR\BIBL_A\022714683 |
| 005 - ИДЕНТИФИКАТОР ВЕРСИИ | |
| контрольное поле | 20260409001606.0 |
| 010 ## - МЕЖДУНАРОДНЫЙ СТАНДАРТНЫЙ НОМЕР КНИГИ (ISBN) | |
| Номер (ISBN) | 978-5-907961-72-2 |
| Уточнения | общий |
| Тираж | 500 |
| 035 ## - ДРУГИЕ СИСТЕМНЫЕ НОМЕРА | |
| Идентификатор записи | (NLR Aleph) 022714683 |
| 100 ## - ДАННЫЕ ОБЩЕЙ ОБРАБОТКИ | |
| Данные общей обработки | 20260202d2025 k y0rusy50 ca |
| 101 0# - ЯЗЫК РЕСУРСА | |
| Язык текста, звукозаписи и т.д. | русский |
| Язык резюме | английский |
| 102 ## - СТРАНА ПУБЛИКАЦИИ ИЛИ ПРОИЗВОДСТВА | |
| Страна публикации | Российская Федерация |
| 105 ## - ПОЛЕ КОДИРОВАННЫХ ДАННЫХ: ТЕКСТОВЫЕ МАТЕРИАЛЫ, МОНОГРАФИЧЕСКИЕ | |
| Кодированные данные о монографическом текстовом документе | z |
| 181 #0 - ПОЛЕ КОДИРОВАННЫХ ДАННЫХ: ВИД СОДЕРЖАНИЯ | |
| Код вида содержания (ISBD) | i3 |
| Код характеристики содержания (ISBD) | axxe |
| 182 #0 - ПОЛЕ КОДИРОВАННЫХ ДАННЫХ: ТИП СРЕДСТВА | |
| Код типа средства (ISBD) | n - непосредственное |
| 200 1# - ЗАГЛАВИЕ И СВЕДЕНИЯ ОБ ОТВЕТСТВЕННОСТИ | |
| Основное заглавие | Актуальные проблемы личностно-профессионального становления педагога: вызовы, тенденции и перспективы |
| Сведения, относящиеся к заглавию | сборник научных статей III Международного форума, посвященного Году защитника Отечества, 14-17 мая 2025 года, Воронеж |
| -- | в 2 частях |
| Первые сведения об ответственности | [Министерство просвещения Российской Федерации, Воронежский государственный педагогический университет, Российская академия образования] |
| Последующие сведения об ответственности | научные редакторы: доктор педагогических наук, доцент А. С. Фетисов, член-корреспондент РАО, доктор педагогических наук, профессор М. В. Шакурова |
| 203 ## - ВИД СОДЕРЖАНИЯ И ТИП СРЕДСТВА | |
| Вид содержания | Текст |
| Дополнительные сведения об издании | визуальный |
| Тип средства | непосредственный |
| 210 ## - ПУБЛИКАЦИЯ, РАСПРОСТРАНЕНИЕ И ДР. | |
| Место издания, распространения и т.д. | Воронеж |
| Имя издателя, распространителя и т. д. | Воронежский государственный педагогический университет |
| Дата издания, распространения и т.д. | 2025 |
| 215 ## - ФИЗИЧЕСКАЯ ХАРАКТЕРИСТИКА | |
| Размеры | 30 |
| 225 1# - СЕРИЯ | |
| Основное заглавие серии | 80. Победа! Год защитника Отечества, 2025 |
| 300 ## - ОБЩИЕ ПРИМЕЧАНИЯ | |
| Текст примечания | Рез. англ. |
| 320 ## - ПРИМЕЧАНИЯ О НАЛИЧИИ В ДОКУМЕНТЕ БИБЛИОГРАФИИ / УКАЗАТЕЛЯ | |
| Текст примечания | Библиогр. в конце ст. |
| 606 1# - НАИМЕНОВАНИЕ ТЕМЫ КАК ПРЕДМЕТ | |
| Наименование темы | Педагоги |
| Формальный подзаголовок | Съезды, совещания и т.п |
| Тематический подзаголовок | Профессиональное развитие |
| Системный номер авторитетной/нормативной записи | 2144567 |
| Идентификатор авторитетной/нормативной записи | RU\NLR\AUTH\661596821 |
| 606 1# - НАИМЕНОВАНИЕ ТЕМЫ КАК ПРЕДМЕТ | |
| Наименование темы | Педагоги |
| Формальный подзаголовок | Съезды, совещания и т.п |
| Тематический подзаголовок | Подготовка |
| Системный номер авторитетной/нормативной записи | 2350101 |
| Идентификатор авторитетной/нормативной записи | RU\NLR\AUTH\6601627117 |
| 686 1# - ИНДЕКСЫ ДРУГИХ КЛАССИФИКАЦИЙ | |
| Индекс | Ч314.21я431 |
| 686 1# - ИНДЕКСЫ ДРУГИХ КЛАССИФИКАЦИЙ | |
| Индекс | Ч489.518.2я431 |
| 702 #1 - ИМЯ ЛИЦА - ВТОРИЧНАЯ ОТВЕТСТВЕННОСТЬ | |
| Код отношения | Редактор |
| Графика поля | Кириллица |
| Материалы, к которым относится поле | rus |
| Начальный элемент ввода | Фетисов |
| Часть имени, кроме начального элемента ввода | А. С. |
| Дополнения к именам, кроме дат | д-р пед. наук |
| Расширение инициалов личного имени | Александр Сергеевич |
| Системный номер авторитетной/нормативной записи | 110107 |
| Идентификатор авторитетной/нормативной записи | RU\NLR\AUTH\77127183 |
| 711 12 - НАИМЕНОВАНИЕ ОРГАНИЗАЦИИ - АЛЬТЕРНАТИВНАЯ ОТВЕТСТВЕННОСТЬ | |
| Начальный элемент ввода | "Актуальные проблемы личностно-профессионального становления педагога: вызовы, тенденции и перспективы", международный форум |
| Порядковый номер временной организации и / или порядковый номер ее части | 3 |
| Место проведения временной организации | Воронеж |
| Дата проведения временной организации | 2025 |
| Системный номер авторитетной/нормативной записи | 2696386 |
| Идентификатор авторитетной/нормативной записи | RU\NLR\AUTH\880638458 |
| 712 02 - НАИМЕНОВАНИЕ ОРГАНИЗАЦИИ - ВТОРИЧНАЯ ОТВЕТСТВЕННОСТЬ | |
| Код отношения | Издающая организация |
| Начальный элемент ввода | Воронежский государственный педагогический университет |
| Системный номер авторитетной/нормативной записи | 280376 |
| Идентификатор авторитетной/нормативной записи | RU\NLR\AUTH\884444 |
| 852 ## - МЕСТОНАХОЖДЕНИЕ И ШИФР ХРАНЕНИЯ | |
| Идентификатор организации | NLR |
| Шифр хранения (Call Number) | 2026-8/305 |
| 942 ## - ДОПОЛНИТЕЛЬНЫЕ ЭЛЕМЕНТЫ ЗАПИСИ (АБИС) | |
| Тип экземпляра АБИС | Книга |
| 980 ## - КОЛЛЕКЦИЯ | |
| Название коллекции | Национальная библиография |
Нет доступных экземпляров.